00619nam a2200205Ia 4500003000400000005001700004008004100021020003500062040001700097082002100114100001800135245005100153250001100204260003000215300001700245440001000262500009000272650002700362651002400389IIN20240206130917.0231217s9999 xx 000 0 und d cRs.300.00a9788192406015 (pbk) aIINbEnglish a616.890231 bKPA1 aKapoor, Bimla 2aA Textbook Psychiatric Nursing /cBimla Kapoor a3rd ed aDelhi :bKumar Pub,c2010 axviii-4922p. vVol.2 aIncluding Glossary (477-480), References (481-484), Index (485-492) end of the book.1 aMental HealthvNursing aPsychiatric Nursing